Quick Pick: Haggis Ingredients Quiz Stats

Quiz Updated Aug 23, 2017

Challenge
Share
Tweet
Embed
Score 0/8 Timer 01:00
0 Plays Today
% Correct
Sheep's stomach
90.9%
Sheep's liver
81.5%
Onion
80.1%
Spices
79.5%
Sheep's heart
78.8%
Sheep's lungs
77.6%
Oatmeal
60.6%
Suet
56%

Today's Daily Dose

Missing Word
For Dummies Books

Word Ladder
Ariana Grande

Quick Pick
1970s Authors

On This Day
June 21st II

You're not logged in!

Compare scores with friends on all Sporcle quizzes.
Join for Free
OR
Log In

You Might Also Like...

Show Comments

Extras

Top Quizzes Today


Score Distribution

Your Account Isn't Verified!

In order to create a playlist on Sporcle, you need to verify the email address you used during registration. Go to your Sporcle Settings to finish the process.

Report this User

Report this user for behavior that violates our Community Guidelines.

Details: